[Event "IPCA Wch 23rd"]
[Site "Gyumri"]
[Date "2024.07.21"]
[Round "2"]
[White "Obodchuk, Andrei"]
[Black "Maikenov, Bakytzhan"]
[Result "1/2-1/2"]
[WhiteElo "2221"]
[BlackElo "1911"]
[PlyCount "87"]
[EventDate "2024.07.20"]
[EventType "swiss"]
[EventRounds "9"]
[EventCountry "ARM"]
[SourceTitle "CBM 221 Extra"]
[Source "ChessBase"]
[SourceDate "2024.09.30"]
[SourceVersion "1"]
[SourceVersionDate "2024.09.30"]
[SourceQuality "1"]

1. d4 e6 2. c4 Nf6 3. Nf3 Bb4+ 4. Nbd2 b6 5. a3 Bxd2+ 6. Qxd2 Bb7 7. e3 d6 8. b4 Nbd7 9. Bb2 Qe7 10. Be2 0-0 11. 0-0 Ne4 12. Qc2 f5 13. d5 e5 14. Nd2 Nxd2 15. Qxd2 Nf6 16. f3 Rf7 17. Qc2 Raf8 18. a4 Bc8 19. a5 g5 20. axb6 axb6 21. Bd3 g4 22. f4 g3 23. fxe5 gxh2+ 24. Kh1 dxe5 25. Rf3 e4 26. Rg3+ Rg7 27. Rxg7+ Qxg7 28. Be2 Qg3 29. Qc3 Qf2 30. Qd2 Nh5 31. Kxh2 f4 32. Qe1 Qg3+ 33. Qxg3+ Nxg3 34. Re1 Nxe2 35. Rxe2 Bg4 36. Re1 f3 37. gxf3 exf3 38. Kg3 f2 39. Rf1 Be2 40. Rxf2 Bxc4 41. Rxf8+ Kxf8 42. e4 Ke7 43. Kf4 c6 44. dxc6 1/2-1/2

[Event "KAZ-ch sf"]
[Site "Pavlodar"]
[Date "2016.02.07"]
[Round "2"]
[White "Maikenov, Bakytzhan"]
[Black "Petkov, Vladimir A"]
[Result "1-0"]
[WhiteElo "1965"]
[BlackElo "1703"]
[PlyCount "61"]
[EventDate "2016.02.05"]
[EventType "swiss"]
[EventRounds "9"]
[EventCountry "KAZ"]
[SourceTitle "CBM 171 Extra"]
[Source "ChessBase"]
[SourceDate "2016.04.26"]
[SourceVersion "1"]
[SourceVersionDate "2016.04.26"]
[SourceQuality "1"]

1. Nf3 Nf6 2. d4 d6 3. g3 g6 4. Bg2 Bg7 5. c4 c6 6. Nc3 0-0 7. 0-0 Bd7 8. a3 Qc8 9. b4 Bh3 10. Bd2 Bxg2 11. Kxg2 h6 12. Rc1 Qd7 13. Qb3 Na6 14. Rfd1 Nc7 15. a4 d5 16. b5 Rfb8 17. c5 Ne4 18. Nxe4 dxe4 19. Ne5 Qd5 20. Qe3 Kh7 21. Kg1 f6 22. b6 Ne6 23. Nc4 Qxd4 24. Qa3 Qxc5 25. Bb4 Qh5 26. Bxe7 c5 27. bxa7 Rxa7 28. Rd7 Rba8 29. Bxf6 Rxa4 30. Qc3 Nd4 31. Rxg7+ 1-0